书目信息 |
| 题名: |
谐波抑制和无功功率补偿
|
|
| 作者: | 刘进军 , 王兆安 , 杨君 , 王跃 编著 | |
| 分册: | ||
| 出版信息: | 北京 机械工业出版社 2006.01 |
|
| 页数: | 444页 | |
| 开本: | 20cm | |
| 丛书名: | 电气自动化新技术丛书 | |
| 单 册: | ||
| 中图分类: | TM714.3 | |
| 科图分类: | ||
| 主题词: | 电力系统--dian li xi tong--谐波--研究 , 电力系统--dian li xi tong--无功功率--功率补偿--研究 | |
| 电子资源: | ||
| ISBN: | 7-111-06298-1 | |
| 000 | 01284nam 2200325 450 | |
| 001 | 012006088797 | |
| 005 | 20061121110441.42 | |
| 010 | @a7-111-06298-1@dCNY29.00 | |
| 100 | @a20060621d2006 km y0chiy0120 ea | |
| 101 | 0 | @achi |
| 102 | @aCN@b110000 | |
| 105 | @aa a 000yy | |
| 200 | 1 | @a谐波抑制和无功功率补偿@Axie bo yi zhi he wu gong gong lu bu chang@f王兆安 … [等] 编著@Fwang zhao an…[deng]bian zhu |
| 205 | @a第2版 | |
| 210 | @a北京@c机械工业出版社@d2006.01 | |
| 215 | @a444页@c图@d20cm | |
| 225 | 2 | @a电气自动化新技术丛书@Adian qi zi dong hua xin ji shu cong shu |
| 304 | @a题名页题责任者还有 : 杨君, 刘进军, 王跃编著 | |
| 320 | @a有书目 (第423-441页)。 | |
| 330 | @a本书主要介绍电力有源滤波器、静止无功功率补偿装置、高功率因数整流器等谐波抑制和无功功率补偿新技术,对有关谐波和无功功率的基础理论和分析方法,及传统的无功功率补偿和滤波方法也做了必要的介绍。 | |
| 410 | 0 | @12001 @a电气自动化新技术丛书 |
| 606 | 0 | @a电力系统@Adian li xi tong@x谐波@x研究 |
| 606 | 0 | @a电力系统@Adian li xi tong@x无功功率@x功率补偿@x研究 |
| 690 | @aTM714.3@v4 | |
| 701 | 0 | @a刘进军@Aliu jin jun@4编著 |
| 701 | 0 | @a王兆安@Awang zhao an@4编著 |
| 701 | 0 | @a杨君@Ayang jun@4编著 |
| 701 | 0 | @a王跃@Awang yue@4编著 |
| 801 | 0 | @aCN@c20061121 |
| 905 | @a10447@dTM714.3@eW450 | |
| 谐波抑制和无功功率补偿/王兆安 … [等] 编著.-第2版.-北京:机械工业出版社,2006.01 |
| 444页:图;20cm.-(电气自动化新技术丛书) |
| ISBN 7-111-06298-1:CNY29.00 |
| 本书主要介绍电力有源滤波器、静止无功功率补偿装置、高功率因数整流器等谐波抑制和无功功率补偿新技术,对有关谐波和无功功率的基础理论和分析方法,及传统的无功功率补偿和滤波方法也做了必要的介绍。 |
| ● |
| 相关链接 |
|
|
|
正题名:谐波抑制和无功功率补偿
索取号:TM714.3/W450
 
预约/预借
| 序号 | 登录号 | 条形码 | 馆藏地/架位号 | 状态 | 备注 |
| 1 | 590491 | 205904912 | 自科二线504/504自科库 27排1列1层/ [索取号:TM714.3/W450] | 在馆 | |
| 2 | 590492 | 205904921 | 自科二线504/504自科库 27排1列1层/ [索取号:TM714.3/W450] | 在馆 | |
| 3 | 590493 | 205904930 | 自科库301/301自科库 17排2列3层/ [索取号:TM714.3/W450] | 在馆 | |
| 4 | 612947 | 206129474 | 期刊室512/301自科库 12排1列4层/ [索取号:TM714.3/W450] | 在馆 | |
| 5 | 612948 | 206129483 | 自科库301/301自科库 17排2列3层/ [索取号:TM714.3/W450] | 在馆 | |
| 6 | 612949 | 206129492 | 自科二线504/504自科库 27排1列1层/ [索取号:TM714.3/W450] | 在馆 |